Ciudades rebeldes: del derecho de la ciudad a la revolución urbana
Uloženo v:
| Hlavní autor: | |
|---|---|
| Médium: | Kniha |
| Jazyk: | španělština |
| Vydáno: |
Buenos Aires
Akal
2014
|
| Vydání: | 1a. ed |
| Edice: | Pensamiento Crítico, 22
|
| Témata: | |
| Tagy: |
Přidat tag
Žádné tagy, Buďte první, kdo vytvoří štítek k tomuto záznamu!
|
MARC
| LEADER | 00000cam a2200000 a 4500 | ||
|---|---|---|---|
| 001 | UCE8703 | ||
| 003 | CL-VaPUC | ||
| 008 | 150827e20140000ag |||||||||||||||||spa|d | ||
| 020 | |a 9789874544414 | ||
| 082 | 0 | 4 | |a 711 |b HAR |2 21 |
| 100 | |a Harvey, David |e author |9 603111 | ||
| 245 | 1 | 0 | |a Ciudades rebeldes: del derecho de la ciudad a la revolución urbana |
| 250 | |a 1a. ed | ||
| 300 | |a 240 p | ||
| 942 | |c BK | ||
| 945 | |d 20150827 16:13:00 |a dcastane | ||
| 260 | |a Buenos Aires |b Akal |c 2014 | ||
| 650 | 0 | |a Urbanismo |9 255208 | |
| 650 | 0 | |a Planificación urbana |9 258176 | |
| 583 | |a last modification |c 20150827 16:13:00 |k Rodrigo Vera | ||
| 490 | 0 | |a Pensamiento Crítico, 22 | |
| 999 | |c 360489 |d 360487 | ||
| 952 | |0 0 |1 0 |3 erb |4 0 |6 711_000000000000000_HAR_2014 |7 0 |8 A |9 470324 |a BIBARQ |b BIBARQ |i 5195926 |l 5 |o 711 HAR 2014 |p 5195926 |r 2025-01-20 |s 2024-09-05 |w 2019-11-23 |y BK |z Catalogado en:20150827 |k ARQ | ||